Assassin's Creed Trivia - Statistics

General Stats
  • This quiz has been taken 6,727 times
    4,279 since last reset
  • The average score is 18 of 36
Answer Stats
Hint Answer % Correct
Proclaimed the mentor of the Italian Assassins Ezio Auditore da Firenze
95%
Assassin's Creed IV: ______ ____ Black Flag
89%
Assassin who was Stripped of his Pride and had to gain it back Altair ibn-La'Ahad
87%
Protagonist of AC1-AC3 Desmond Miles
82%
Company that Keeps Desmond Hostage in First Game ABSTERGO
81%
British-Native American Assassin Connor Kenway
81%
Machine in which Desmond relives memories of his ancestors Animus
74%
Enemy faction throughout the games Templars
68%
Glitch-ridden installment of the series, released in 2014 Assassin's Creed Unity
67%
Father and grandfather of the two playable characters in AC3. He is the main character in AC4 Edward Kenway
63%
Company that makes the AC series Ubisoft
63%
Main Protagonist of the game listed above Arno Dorian
56%
Enemy Family of 2nd and 3rd Games Borgia
55%
The other game released in 2014 Assassin's Creed Rogue
54%
First Explorable City in III Boston
53%
Playable Character in III that is really a Templar Haytham Kenway
53%
Year the Games Take Place 2012
51%
ACU is set in this city Paris
50%
One of the three main cities explorable in AC4 Havana, Kingston, or Nassau
45%
This is the PS Vita-exclusive title that launched alongside AC3 in October 2012. Assassin's Creed III: Liberation
44%
City in which the 4th game takes place Constantinople
41%
AC is this type of game. Other games of this type include Grand Theft Auto, Just Cause, and The Elder Scrolls. Open-World
39%
He and his pals are _______. pirates
39%
Climb this to make the map more clear Viewpoint
37%
Your friend in the 2nd and 3rd games Leonardo da Vinci
36%
The antagonist of the First Game al Mualim
35%
ACU is set in this period of European history French Revolution
34%
The name of the ship that you captain in AC4 the Jackdaw
34%
A female 18th century African-French assassin from New Orleans Aveline de Grandpré
30%
AC4 got lots of heat from PETA for the ability to hunt this animal in-game. whale
28%
Time in which the First Game took Place Third Crusade
26%
General/Consul who makes a "short" appearance in ACU Napoleon Bonaparte
23%
Which of these is not a Helix Rift mission location in ACU: France during WWII, Medieval France, 1960s France, or 19th century France 1960s France
22%
SPOILERS: Two beings that Desmond has to choose between at the end of III Minerva, Juno
14%
ABSTERGO is headquartered in this city in AC4 Montreal
12%
This is another historical figure in ACU; he led the Committee of Public Safety Maximilien de Robespierre
9%
No matching quizzes found
Score Distribution
Percent of People with Each Score
Percentile by Number Answered
Your Score History
You have not taken this quiz since the last reset